Statistics for Formula One Quiz #3

Click here to take the quiz!

General Stats

  • This quiz has been taken 336 times
    (274 since last reset)
  • The average score is 9 of 20

Answer Stats

HintAnswer% Correct
Who has three more seasons to become the youngest world champion?Max Verstappen
87%
Who are the only two drivers whose surname started with V to win the championship?Sebastian Vettel
82%
Which driver owns the first answer?Lewis Hamilton
74%
Seven world champions' surnames are English words. Who are they?Phil Hill
67%
Seven world champions' surnames are English words. Who are they?Damon Hill
67%
Seven world champions' surnames are English words. Who are they?Graham Hill
67%
Who won Nico Rosberg's debut race?Fernando Alonso
62%
Who are the only two drivers whose surname started with V to win the championship?Jacques Villeneuve
61%
Those three drivers have 277 podiums total, but have only shared it how many times?Three
53%
Seven world champions' surnames are English words. Who are they?Jenson Button
48%
Seven world champions' surnames are English words. Who are they?James Hunt
46%
...and who was the only one to score points?Lella Lombardi
40%
Seven world champions' surnames are English words. Who are they?Mike Hawthorn
36%
Who is the only driver to finish a fastest lap in the pitlane?Ayrton Senna
33%
Who - or what - was the shortest to ever receive a paddock pass?Roscoe
29%
Seven world champions' surnames are English words. Who are they?Alan Jones
27%
In what year did the champion and runner-up never share a podium?1950
20%
Who is the only driver to finish twenty-fourth in a grand prix?Narain Karthikeyan
18%
Lotus, Brabham, and Tyrrell all have eight of what?1-2 finishes
15%
Who was the first woman to compete in Formula 1...Maria de Filippis
4%

Score Distribution

Percentile by Number Answered

Percent of People with Each Score

Your Score History

You have not taken this quiz since the last reset